| 000 | 00893nam a2200241 a 4500 | ||
|---|---|---|---|
| 001 | 000027112 | ||
| 003 | OSt | ||
| 005 | 20210406104807.0 | ||
| 008 | 110329s1904 dr 000 | spa d | ||
| 040 |
_aDO-SdBNP _bspa _cBNPHU |
||
| 082 |
_a923.77295 _bH831e |
||
| 245 | 0 | 0 |
_aEugenio M. Hostos : _bofrendas a su memoria. |
| 260 |
_aSanto Domingo : _bImp. Oiga, _c1904. |
||
| 300 |
_a384 p. ; _c25 cm. |
||
| 504 | _aIncluye bibliografía y notas al pie de páginas. | ||
| 505 | 0 |
_tBiografía y relación -- _tHomenaje de la prensa -- _tOfrendas literarias. |
|
| 590 | _aInventariado, 2020 /LP | ||
| 600 | 1 | 4 |
_aHOSTOS Y BONILLA, EUGENIO MARÍA DE, _d1839-1903 _xCRÍTICA E INTERPRETACIÓN _954187 |
| 650 | 4 |
_aIntelectuales _zPuerto Rico _91002 |
|
| 650 | 4 |
_aEducación _zRepública Dominicana _yENSAYOS, CONFERENCIAS, ETC. _954188 |
|
| 910 | _aValidado. Control de calidad EMS | ||
| 942 |
_2ddc _cLBS1 |
||
| 999 |
_c26604 _d26604 |
||